000 00439nam a2200145Ia 4500
008 230917s9999||||xx |||||||||||||| ||und||
040 _e167404
_aMAIN
041 _aEnglish
082 _a891.491503741 DR536CC
100 _aधनखङ, राजबीर सिंह
245 0 _aचाह चौधर की
260 _aदिल्ली
_bपीयूष प्रकाशन
_c2006
300 _a144 पृ. p.
942 _cHN
999 _c147959
_d147959